Responses for Show #1371 - Monday, July 16, 1990

1990 Seniors Tournament semifinal game 1.

Contestants

[<< previous game]

Arnold Yellin, a manufacturer from Chicago, Illinois

Anne Laird, a teacher from New Orleans, Louisiana

George Soule, a teacher from Northfield, Minnesota

[next game >>]

Jeopardy! Round responses

AWARDS
U.S. TERRITORIES
GEMS & JEWELRY
THE FBI
8-LETTER WORDS
POPEYE
    $100 1
Wayne Gretzky

Arnold
    $100 6
Puerto Rico

George
    $100 21
silver

Arnold
    $100 22
J. Edgar Hoover

Arnold
    $100 11
a scaffold

Arnold
    $100 16
Olive Oyl

Arnold
    $200 2
Bob Newhart

George
    $200 7
(Anne: What is Panama?)
(Alex: Be more specific.)

the Panama Canal Zone

Anne
    $200 27
Tiffany's

Anne
    $200 23
fingerprints

Arnold
    $200 12
a decanter

Triple Stumper
    $200 17
Wimpy

Arnold
    $300 3
Erwin Rommel

Arnold
    $300 8
Guam

Arnold
    $300 28
jade

Arnold
    $300 24
accounting

Anne
    $300 13
contrast

Anne
    $300 18
Bluto

George
    $400 4
(Anne: What is New York City?)

Washington, D.C.

Anne
Triple Stumper
    $400 9
Midway

George
    $400 29
opals

Anne
    $400 25
(George: What is the Most Wanted, uh, Persons list?)
(Alex: Be a little more specific.)
(George: Most Wanted Criminal list?)
(Alex: Be a little more specific.)
(George: The FBI's Most Wanted Criminal list?)
...
(Alex: We have a minute to go.)

the Ten Most Wanted list

GeorgeAnne
    $400 14
enervate

Arnold
    $400 19
a jeep

Anne
    $500 5
(George: What is journalism?)

broadcasting (television)

George
Triple Stumper
    $500 10
the Virgin Islands

Anne
    $1,000 30
(Anne: What are rubies?)

emeralds

Anne
    $500 26
the Lindbergh kidnapping case

George
    $500 15
stoicism

George
    $500 20
[Laughter as Alex gives the names]

(1 of) Peepeye, Pipeye, Poopeye & Pupeye

Triple Stumper

Scores at the first commercial break (after clue 13):

George Anne Arnold
$200 $600 $800

Scores at the end of the Jeopardy! Round:

George Anne Arnold
$1,100 $1,300 $2,200

Double Jeopardy! Round responses

SCANDINAVIA
THE 19th CENTURY
PSYCH 101
WORLD LITERATURE
PRESIDENTIAL TRIVIA
LEATHER
    $200 9
Lutheranism

Anne
    $200 1
Mendel

George
    $200 21
a liar

Anne
    $200 16
the Roman Empire

Anne
    $200 4
Truman

Anne
    $200 26
patent leather

Anne
    $400 10
a Constitutional Monarchy

Arnold
    $400 2
(Anne: What is Egypt?)

Morocco

Anne
Triple Stumper
    $400 22
blushing

Anne
    $400 17
the Virgin Mary

George
    $400 5
Richard Nixon

Arnold
    $400 27
basketball

Arnold
    $600 11
the Lapps

George
    $600 3
the infallibility of the pope

Anne
    $600 23
a response

Anne
    $600 18
an albatross

Anne
    $2,000 6
(Arnold: Who is FDR?)

LBJ

Arnold
    $600 28
tanning

Anne
    $800 12
Copenhagen

Anne
    $1,000 14
(George: Who is Denmark?)
[NOTE: George did say, "Who".]

Portugal

George
    $800 24
the superego

George
    $800 19
Tolstoy

Anne
    $800 7
Andrew Jackson

Anne
    $800 29
(Aldo) Gucci

Arnold
    $1000 13
(Anne: What is Iceland?)

Sweden

GeorgeAnne
    $1000 15
the Tuileries

Triple Stumper
    $1000 25
B.F. Skinner

Anne
    $1000 20
rocs

Triple Stumper
    $1000 8
(1 of) Calvin Coolidge (Chester Arthur)

Anne
    $1000 30
Prince Gardner

George

Scores at the end of the Double Jeopardy! Round:

George Anne Arnold
$4,100 $8,100 $2,200

[wagering suggestions for these scores]

Final Jeopardy! Round responses

THE BIBLE
(Alex: There were a lot of people in the temple at Giza when he brought the house down, in more ways than one.)
ArnoldWho was Satan
$1,200
GeorgeWho is Sampson
$4,100
AnneWho was Jesus?
$101
Samson

Final scores:

George Anne Arnold
$8,200 $7,999 $1,000
Finalist 2nd place: $5,000 3rd place: $5,000

Game dynamics:

Coryat scores:

George Anne Arnold
$5,100 $9,100 $4,200
12 R,
3 W
(including 1 DD)
23 R,
4 W
(including 1 DD)
15 R,
1 W
(including 1 DD)

Combined Coryat: $18,400

[game clues] [game scores] [suggest correction]

Game tape date: 1990-02-27
The J! Archive is created by fans, for fans. Scraping, republication, monetization, and malicious use prohibited; this site may use cookies and collect identifying information. See terms. The Jeopardy! game show and all elements thereof, including but not limited to copyright and trademark thereto, are the property of Jeopardy Productions, Inc. and are protected under law. This website is not affiliated with, sponsored by, or operated by Jeopardy Productions, Inc. Join the discussion at JBoard.tv.